ბათუმის შოთა რუსთაველის სახელმწიფო უნივერსიტეტის ბიბლიოთეკა

Legal English (ბიბ.ჩანაწერი № 49476)

000 -LEADER
fixed length control field 00643nam a2200253Ia 4500
001 - CONTROL NUMBER
control field 16400
003 - CONTROL NUMBER IDENTIFIER
control field GE_BSU
008 - FIXED-LENGTH DATA ELEMENTS--GENERAL INFORMATION
fixed length control field 181216s||||||||xx |||||||||||||| ||und||
020 ## - INTERNATIONAL STANDARD BOOK NUMBER
International Standard Book Number 9780203126776(ebk)
040 ## - CATALOGING SOURCE
Transcribing agency GE_BSU
080 ## - UNIVERSAL DECIMAL CLASSIFICATION NUMBER
Universal Decimal Classification number 811.111+34
100 ## - MAIN ENTRY--PERSONAL NAME
Personal name HAIGH, RUPERT
245 ## - TITLE STATEMENT
Title Legal English
250 ## - EDITION STATEMENT
Edition statement 3rd Edition.
260 ## - PUBLICATION, DISTRIBUTION, ETC.
Place of publication, distribution, etc. London And New York
260 ## - PUBLICATION, DISTRIBUTION, ETC.
Name of publisher, distributor, etc. Routledge:Taylor & Francis Group
260 ## - PUBLICATION, DISTRIBUTION, ETC.
Date of publication, distribution, etc. 2012
300 ## - PHYSICAL DESCRIPTION
Extent 302p;23cm
653 ## - INDEX TERM--UNCONTROLLED
Uncontrolled term legal composition,law-terminology,law-language.
653 ## - INDEX TERM--UNCONTROLLED
Uncontrolled term Legal English
653 ## - INDEX TERM--UNCONTROLLED
Uncontrolled term ინგლისური ენა
942 ## - ADDED ENTRY ELEMENTS (KOHA)
Koha item type წიგნი
ეგზემპლარები
Withdrawn status Lost status Damaged status Not for loan Date acquired Barcode Date last seen Price effective from Koha item type
        2018-12-17 41139 2018-12-17 2018-12-17 წიგნი